Salmond and Heuston on the law of torts (Record no. 59454)

MARC details
000 -LEADER
fixed length control field 00400nam a2200157Ia 4500
008 - FIXED-LENGTH DATA ELEMENTS--GENERAL INFORMATION
fixed length control field 230917s9999||||xx |||||||||||||| ||und||
040 ## - CATALOGING SOURCE
-- 81117
Original cataloging agency VIVEKANANDA LIBRARY
041 ## - Language
-- English
082 ## - DDC NUMBER
Classification number 346.03 S35L
100 ## - MAIN ENTRY--PERSONAL NAME
Personal name Salmond
245 #0 - TITLE STATEMENT
Title Salmond and Heuston on the law of torts
250 ## - EDITION STATEMENT
Edition statement 19th ed.
260 ## - PUBLICATION, DISTRIBUTION, ETC. (IMPRINT)
Place of publication, distribution, etc London
Name of publisher, distributor, etc English Language Book Society
Date of publication, distribution, etc 1987
300 ## - PHYSICAL DESCRIPTION
Pages cix, 705 p.
942 ## - ADDED ENTRY ELEMENTS (KOHA)
Koha item type Books
Holdings
Withdrawn status Lost status Damaged status Not for loan Location (home branch) Sublocation or collection (holding branch) Date acquired Koha issues (times borrowed) Koha full call number Accession No. Koha date last seen Koha item type
        VIVEKANANDA LIBRARY VIVEKANANDA LIBRARY 17/02/2010   346.03 S35L 130246 17/09/2023 Books
        VIVEKANANDA LIBRARY VIVEKANANDA LIBRARY 17/02/2010   346.03 S35L 133011 17/09/2023 Books
© Designed and Maintained by Vivekananda Library, MDU Rohtak